| 000 | 00483 a2200133 4500 | ||
|---|---|---|---|
| 020 | _a0070038899 | ||
| 082 | _a624.068 BAR | ||
| 100 | _aBarrie, Donald S. | ||
| 245 |
_aProfessional construction management : _bincluding CM, design-construct, and general contracting / _cDonald S. Barrie, Boyd C. Paulson, Jr. |
||
| 250 | _a3rd ed. | ||
| 260 |
_aNew York : _bMcGraw-Hill, _c1992. |
||
| 300 |
_axx, 577 p. : _bill. ; _c24 cm. |
||
| 650 |
_aConstruction industry _xManagement. |
||
| 650 | _aValue analysis (Cost control) | ||
| 999 |
_c292 _d292 |
||